LDR 00850naa#a2200205#i#450# 001 RU\\bibl\121109 005 20260603224304.3 011 ## _a2588-0209 100 ## _a20260601b2026####ek#y0rusy0150####ca 102 ## _aRU 200 1# _aКозлятник восточный в Среднетаежной подзоне Якутии _eЖурнальная статья 210 1# _aМосква _cЭлектронная наука _d2026 215 ## _a13 с. 608 ## _aЖурнальная статья _2local 675 ## _aСилосованные корма. 636.085.52 _z 700 #1 _aМаксимова _gХаритина Ивановна 700 #1 _aСметанина _gАнна Николаевна 700 #1 _aКолесников _gНиколай Васильевич 700 #1 _aНиколаева _gВалентина Семеновна 856 4# _aqje.su _u